000
00287nam a22001337a 4500
003
SGT
082
_a
515.35,GUP
100
_a
GUPTA,P.P
245
_a
DIFFERENTIAL EQUATIONS
260
_a
MEERUT
_b
PRAGATI PRAKASHAN
_c
2016
300
_a
720
650
_a
MATHEMATICS
942
_2
ddc
_c
FPS
_0
6
999
_c
10016
_d
10016